000 00444nam a2200145Ia 4500
008 090124s9999 xx 000 0 und d
082 _b207201
245 _a राजा विक्रमादित्य
250 _a1
260 _bराघव संजीव
_c2005
300 _a128
630 _a राजा विक्रमादित्य
730 _a राजा विक्रमादित्य
942 _cBOOK
999 _c189229
_d189229